000 00445nam a2200193Ia 4500
005 20230321112447.0
008 131103s9999 xx 000 0 und d
020 _cRs.3
040 _aLoreto College
041 _aEnglish
082 _a891.441
_bISL-SAN
100 _aNajrul
245 _aSanskriti Parisad
_cNajrul
260 _aKolkata
_bIndiana
_c1957
300 _a112p.
650 _aBengali Poetry
850 _aLCLIB
942 _cBK
999 _c20670
_d71149